00862nam a2200265 i 450000100060000000300090000600500170001500700030003200800410003502000180007608000290009408000210012308000210014410000340016524500790019925000120027826000330029030000510032349000170037460000520039165100500044365100530049383000170054685200330056373264ES-MaACL20250604062624.0t|040923s2004 sp ||||1| spa d a84-344-6718-6 a929 Calvo Sotelo, José a94(460)"1902/31" a94(460)"1931/39"1 aBullón de Mendoza, Alfonso.10aJosé Calvo Sotelo / cAlfonso Bullón de Mendoza y Gómez de Valugera. a1ª ed. aBarcelona : bAriel, c2004. a755 p., [32] p. de lám. col. y n. ; c23 cm.1 aBiografías04aCalvo Sotelo, José,d1893-1936-xBiografías 4aEspaña-xHistoria-y1902-1931, Alfonso XIII 4aEspaña-xHistoria-y1931-1939, II República.0 aBiografías aES-MaACLjL-28107 bR.133623